00848nas a22002177a 4500999001500000003000400015005001700019008004100036040001400077245001500091260006300106260006600169300001200235310001000247362004400257650004200301710005700343856010500400942001300505952011200518 c6538d6538OSt20181023113548.0130628u1999 sp ||||| |||| 00| 0 cat d cCDMRbcat 0aPaideia TV aBarcelonabObservatori Europeu de la Televisió Infantil  bComissionat de les Arts Audiovisuals de Barcelonac1999-2010? av.ccm. aAnual aNúm. 1 (nov. 1999) - Núm. 12 (2010)0492508aTelevisió i infantsvRevistes2 93893aObservatori Europeu de la Televisió Infantil uhttp://www.oeti.org/web/festival-publicaciones-old.phpyDisponible resums de la revista (Portal Web) 2udccSER 00104070aCDMRbCDMRd2013-01-16hNúm. 1 (nov. 1999) - Núm. 12 (2010)l0r2013-06-28w2013-06-28ySER